Sifilología clínica moderna (Record no. 148194)
[ view plain ]
| 000 -LEADER | |
|---|---|
| campo de control de longitud fija | 00910nam a2200217 i 4500 |
| 001 - NÚMERO DE CONTROL | |
| campo de control | 148194 |
| 003 - IDENTIFICADOR DE NÚMERO DE CONTROL | |
| campo de control | ES-MaACL |
| 005 - FECHA Y HORA DE LA ÚLTIMA TRANSACCIÓN | |
| campo de control | 20230906202503.0 |
| 007 - CAMPO FIJO DE DESCRIPCIÓN FÍSICA--INFORMACIÓN GENERAL | |
| campo de control de longitud fija | t| |
| 008 - DATOS DE LONGITUD FIJA--INFORMACIÓN GENERAL | |
| campo de control de longitud fija | 070214s1949 sp r ||||1| spa d |
| 100 1# - ENTRADA PRINCIPAL--NOMBRE DE PERSONA | |
| Nombre de persona | Stokes, John H. |
| 9 (RLIN) | 108278 |
| 245 10 - MENCIÓN DEL TÍTULO | |
| Título | Sifilología clínica moderna |
| Resto del título | : diagnóstico, tratamiento y casuística / |
| Mención de responsabilidad, etc. | por John H. Stokes, Herman Beerman, Norman R. Ingraham ; colaboradores de la presente edición: Elizabeth R. Constant ... [et al.] ; versión de la tercera edición inglesa por el Dr. M. Casanovas Viadé. |
| 260 ## - PUBLICACIÓN, DISTRIBUCIÓN, ETC. | |
| Lugar de publicación, distribución, etc. | Barcelona [etc.] : |
| Nombre del editor, distribuidor, etc. | Salvat, |
| Fecha de publicación, distribución, etc. | 1949 ( |
| Fabricante | Imp. Hispano-Americana) |
| 300 ## - DESCRIPCIÓN FÍSICA | |
| Extensión | 2 t. : |
| Otras características físicas | il. ; |
| Dimensiones | 26 cm. |
| 650 04 - PUNTO DE ACCESO ADICIONAL DE MATERIA--TÉRMINO DE MATERIA | |
| Término de materia o nombre geográfico como elemento de entrada | Sífilis. |
| 9 (RLIN) | 17092 |
| 700 1# - ENTRADA AGREGADA--NOMBRE PERSONAL | |
| Nombre de persona | Beerman, Herman. |
| 9 (RLIN) | 27026 |
| 700 1# - ENTRADA AGREGADA--NOMBRE PERSONAL | |
| Nombre de persona | Ingraham, Norman R. |
| 9 (RLIN) | 65306 |
| 700 1# - ENTRADA AGREGADA--NOMBRE PERSONAL | |
| Nombre de persona | Constant , Elizabeth R. |
| 9 (RLIN) | 40244 |
| 700 1# - ENTRADA AGREGADA--NOMBRE PERSONAL | |
| Nombre de persona | Casanovas Viadé, Modesto. |
| 9 (RLIN) | 36132 |
| 852 ## - LOCALIZACIÓN | |
| Ubicación | ES-MaACL |
| Número de control de estantería | E-545-46 |
| Sublocalización o colección | R.26830 |
| Estatus retirado | Estado de pérdida | Estado de daño | No para préstamo | Biblioteca de origen | Biblioteca actual | Ubicación en estantería | Fecha de adquisición | Fuente de adquisición | Total de préstamos | Signatura topográfica completa | Código de barras | Visto por última vez | Precio de reemplazo | Tipo de ítem Koha |
|---|---|---|---|---|---|---|---|---|---|---|---|---|---|---|
| Biblioteca del Ateneo de Madrid | Biblioteca del Ateneo de Madrid | Depósito 2 | 17/01/2008 | E-545-46 | 1154656 | 23/02/2023 | 23/02/2023 | Libro impreso |
